000 00485nam a2200169 i 4500
001 42444
003 ES-MaACL
005 20250620063012.0
007 t|
008 030326s1956 sp ||||1| spa d
100 1 _aCorbera Fradera, Carolina,
_d1926-1979
_940459
245 1 3 _aLa desheredada
_b: novela /
_cCarolina Corbera Fradera.
260 _aMadrid :
_bLincor,
_c1956.
300 _a393 p. ;
_c20 cm.
852 _aES-MaACL
_jC-10478
_bR.38496
999 _c42444
_d42444